Countries Involved in the American Revolutionary War - Statistics

General Stats
  • This quiz has been taken 3,085 times
  • The average score is 4 of 5
Answer Stats
Answer % Correct
France
99%
Great Britain
97%
United States
94%
Spain
90%
Dutch Republic
55%
No matching quizzes found
Score Distribution
Percent of People with Each Score
Percentile by Number Answered
Your Score History
You have not taken this quiz